00704nam a2200217Ia 450000500170000000800410001704000190005804100120007708200130008924500540010226000270015630000380018344000410022150400500026265000230031270000240033585000100035994200070036999900160037695200940039220230828115548.0131103s9999 xx 000 0 und d aLoreto College aEnglish a916bCHU aAfrica and the islandscR.J.Harrison ... [et.al.] aLondonbLongmansc1965 axv,494 p.b plates,ill.,dia.,maps aGeographies : An Intermediate Series aIncludes bibliographical references and index aAfrica - Geography aChurch,R.J.Harrison aLCLIB cBK c3574d54053 00102ddc4070aMAINbMAINd2013-11-04l0o916 CHU pB3440r2013-11-04w2013-11-04yBKf